[Event "Campeonato Navarro Absoluto Individual Fase Final"]
[Site "Residencia Fuerte del Príncipe"]
[Date "2016.04.09"]
[Round "4"]
[Board "13"]
[White "Pedchenko, Alex"]
[Black "Ruiz Escobar, Rafael"]
[Result "0-1"]
[WhiteElo "1674"]
[BlackElo "1912"]
[PlyCount "90"]
[EventDate "2016.03.05"]
[EventRounds "8"]
[EventCountry "ESP"]

1. d4 d5 2. Bf4 Nf6 3. Nf3 c5 4. c3 Nc6 5. e3 Qb6 6. Qc2 g6 7. b3 Bf5 8. Bd3
Bxd3 9. Qxd3 Bg7 10. h3 O-O 11. O-O Rad8 12. Nbd2 Nd7 13. Qc2 Rc8 14. Rac1 cxd4
15. cxd4 h6 16. Qb1 a5 17. a3 Qa6 18. Rc2 e5 19. dxe5 Ncxe5 20. Nxe5 Nxe5 21.
Bxe5 Bxe5 22. Nf3 Bg7 23. Rxc8 Rxc8 24. Rc1 b5 25. Rxc8+ Qxc8 26. Qd3 Qc5 27.
a4 bxa4 28. bxa4 Qc1+ 29. Kh2 Qc4 30. Qxc4 dxc4 31. Ne1 Kf8 32. Kg3 Ke7 33. Kf3
Kd6 34. Ke2 Bc3 35. Nc2 Ke6 36. f4 f5 37. e4 fxe4 38. Ke3 Kd5 39. g4 Bb2 40. f5
gxf5 41. gxf5 Bc1+ 42. Ke2 Ke5 43. Kd1 Bg5 44. Na3 Kd4 45. Nb5+ Kd3 0-1

[Event "Campeonato Navarro Absoluto Individual Fase Final"]
[Site "Residencia Fuerte del Príncipe"]
[Date "2016.04.09"]
[Round "4"]
[Board "14"]
[White "Gonzalez Pabollet, Jesus Maria S"]
[Black "Roldan Marques, Marta"]
[Result "1-0"]
[WhiteElo "1887"]
[BlackElo "1635"]
[PlyCount "63"]
[EventDate "2016.03.05"]
[EventRounds "8"]
[EventCountry "ESP"]

1. e4 e5 2. Nc3 Nc6 3. Bc4 Nf6 4. d3 h6 5. Be3 Bb4 6. Nge2 d6 7. O-O Be6 8. Nd5
Bxd5 9. exd5 Ne7 10. c3 Ba5 11. Qa4+ c6 12. dxc6 Nxc6 13. Bb5 Qc7 14. Qh4 O-O
15. Bxh6 Ne7 16. Bg5 Ng6 17. Qh3 Nh7 18. Be3 Bb6 19. d4 exd4 20. cxd4 Qc2 21.
b3 a6 22. Rfc1 Qe4 23. Bc4 d5 24. Nc3 Qe6 25. Nxd5 Qxh3 26. gxh3 Bd8 27. a4 a5
28. Rc2 Ng5 29. Bxg5 Bxg5 30. Rf1 Rad8 31. f4 Be7 32. f5 1-0

[Event "Campeonato Navarro Absoluto Individual Fase Final"]
[Site "Residencia Fuerte del Príncipe"]
[Date "2016.04.09"]
[Round "4"]
[Board "16"]
[White "Ortega Villa, Alex"]
[Black "Roviralta Montero, Axel"]
[Result "0-1"]
[WhiteElo "1639"]
[BlackElo "1952"]
[PlyCount "112"]
[EventDate "2016.03.05"]
[EventRounds "8"]
[EventCountry "ESP"]

1. e4 e6 2. d4 a6 3. c4 d5 4. cxd5 exd5 5. Bd3 dxe4 6. Bxe4 Nf6 7. Bf3 Bb4+ 8.
Nc3 O-O 9. Nge2 Re8 10. O-O Nbd7 11. Qb3 c5 12. Bf4 cxd4 13. Qxb4 dxc3 14. Nxc3
Qb6 15. Qxb6 Nxb6 16. b3 Be6 17. Bxb7 Ra7 18. Bf3 Rc8 19. Rac1 Rd7 20. Rfd1
Rxd1+ 21. Rxd1 Kf8 22. Ne2 Rc2 23. Rd2 Rxd2 24. Bxd2 Nfd5 25. Nd4 Bd7 26. Kf1
Ke7 27. Ke2 Kd6 28. Kd3 Kc5 29. a3 Bc8 30. Be2 g6 31. g4 Nd7 32. f4 a5 33. a4
Nb4+ 34. Bxb4+ Kxb4 35. Kc2 Bb7 36. Bc4 Be4+ 37. Kb2 Nc5 38. f5 Nxa4+ 39. Kc1
f6 40. Bg8 Nc5 41. Kb2 g5 42. Bxh7 Bd5 43. Bg6 Nxb3 44. Nxb3 Bxb3 45. Bh5 a4
46. Ka1 Kc3 47. Kb1 a3 48. Be8 Kd2 49. Bc6 Ke3 50. Be8 Kf3 51. Bh5 Kg2 52. h3
Kxh3 53. Ka1 Bd1 54. Ka2 Bxg4 55. Bg6 Bf3 56. Kxa3 g4 0-1

[Event "Campeonato Navarro Absoluto Individual Fase Final"]
[Site "Residencia Fuerte del Príncipe"]
[Date "2016.04.09"]
[Round "4"]
[Board "17"]
[White "Zuniga Arraras, Marina"]
[Black "Garisoain Ardanaz, Alvaro"]
[Result "1/2-1/2"]
[WhiteElo "1780"]
[BlackElo "1739"]
[PlyCount "117"]
[EventDate "2016.03.05"]
[EventRounds "8"]
[EventCountry "ESP"]

1. e4 d6 2. Nf3 e5 3. Bc4 Bg4 4. d3 Be7 5. Nbd2 Nf6 6. O-O Nc6 7. Qe1 Qd7 8.
Qe3 Na5 9. Bb3 Nxb3 10. axb3 a6 11. h3 Bh5 12. Nc4 h6 13. Nh2 g5 14. d4 exd4
15. Qxd4 d5 16. Ne5 Qe6 17. exd5 Qxd5 18. Qxd5 Nxd5 19. Re1 O-O-O 20. Bd2 Bf6
21. Nhg4 Bxg4 22. hxg4 Rde8 23. Nxf7 Rxe1+ 24. Rxe1 Rh7 25. Ne5 Re7 26. Nd3
Rxe1+ 27. Bxe1 b5 28. g3 Be7 29. Kg2 Kd7 30. Bd2 Bd6 31. f4 Be7 32. Kf3 c5 33.
Ne5+ Ke6 34. c4 Nf6 35. Nc6 Bd6 36. Bc3 Ne8 37. f5+ Kd7 38. Ne5+ Ke7 39. Ng6+
Kf7 40. Ke4 Nf6+ 41. Kf3 b4 42. Be5 Bxe5 43. Nxe5+ Ke7 44. Nc6+ Kd6 45. Nd8 Ke5
46. Nf7+ Kd4 47. Nxh6 Kd3 48. Nf7 Nh7 49. Ne5+ Kc2 50. Nd7 Kxb3 51. Nxc5+ Kxb2
52. Nxa6 Kc3 53. Nxb4 Kxb4 54. Ke4 Kxc4 55. Ke5 Kd3 56. f6 Ke3 57. Kf5 Kf3 58.
Kg6 Nxf6 59. Kxf6 1/2-1/2

[Event "Campeonato Navarro Absoluto Individual Fase Final"]
[Site "Residencia Fuerte del Príncipe"]
[Date "2016.04.09"]
[Round "4"]
[Board "18"]
[White "Sola Garate, Roberto"]
[Black "Arana Oloron, Roberto"]
[Result "1-0"]
[WhiteElo "1595"]
[BlackElo "1743"]
[PlyCount "67"]
[EventDate "2016.03.05"]
[EventRounds "8"]
[EventCountry "ESP"]

1. e4 e5 2. Nf3 Nc6 3. d4 exd4 4. Nxd4 Bc5 5. Be3 Qf6 6. c3 Nge7 7. Bc4 Qg6 8.
Nd2 Qxg2 9. Qf3 Qxf3 10. N2xf3 Nxd4 11. Nxd4 d6 12. O-O-O Bg4 13. Rde1 Ng6 14.
f4 f6 15. h3 Bxd4 16. cxd4 Bf3 17. Rhg1 Bxe4 18. Bd2 f5 19. Bd5 Kd7 20. Bxe4
fxe4 21. f5 Nh4 22. Rxg7+ Kc6 23. f6 d5 24. Bf4 Rac8 25. Kb1 Kb6 26. Rc1 c5 27.
dxc5+ Kc6 28. f7 d4 29. Rcg1 Nf3 30. R1g3 Rhd8 31. Rg8 e3 32. Rxd8 Nd2+ 33. Kc1
Ne4 34. Rxc8+ 1-0

[Event "Campeonato Navarro Absoluto Individual Fase Final"]
[Site "Residencia Fuerte del Príncipe"]
[Date "2016.04.09"]
[Round "4"]
[Board "19"]
[White "Sancinena Arpide, Juan"]
[Black "Zaratiegui Cardesa, Jose"]
[Result "0-1"]
[WhiteElo "1605"]
[BlackElo "1740"]
[PlyCount "114"]
[EventDate "2016.03.05"]
[EventRounds "8"]
[EventCountry "ESP"]

1. e4 e5 2. Nf3 Nc6 3. Bb5 a6 4. Ba4 d6 5. c3 Nf6 6. d4 b5 7. Bc2 Be7 8. dxe5
Nxe5 9. Nxe5 dxe5 10. Qxd8+ Bxd8 11. Be3 Be6 12. Nd2 Be7 13. Bb3 Bxb3 14. axb3
Ng4 15. Ke2 Nxe3 16. Kxe3 Bc5+ 17. Ke2 Ke7 18. b4 Bb6 19. Nb3 Rhd8 20. f3 Rdc8
21. Ra2 c5 22. bxc5 Bxc5 23. Rha1 b4 24. Rxa6 Rxa6 25. Rxa6 bxc3 26. bxc3 Bg1
27. Kd3 Bxh2 28. c4 Bg1 29. Ra5 Kd6 30. Rd5+ Ke6 31. c5 h5 32. Kc4 f6 33. Rd6+
Ke7 34. Kd5 Rb8 35. Kc4 Bxc5 36. Kxc5 Rxb3 37. Rd2 g5 38. Kc4 Rb8 39. Ra2 Rd8
40. Kc3 Kf7 41. Ra7+ Kg6 42. Ra6 g4 43. fxg4 hxg4 44. Ra4 Rd1 45. Ra2 g3 46.
Rb2 Kg5 47. Ra2 Rd4 48. Re2 Kf4 49. Re1 Rxe4 50. Rf1+ Kg5 51. Kd3 f5 52. Ra1
Rb4 53. Ke2 Rf4 54. Ke3 Rf2 55. Rg1 f4+ 56. Ke4 Re2+ 57. Kf3 Re3# 0-1

[Event "Campeonato Navarro Absoluto Individual Fase Final"]
[Site "Residencia Fuerte del Príncipe"]
[Date "2016.04.09"]
[Round "4"]
[Board "20"]
[White "Donazar Garayoa, Miguel"]
[Black "Martinez Bernardo, Aitor"]
[Result "0-1"]
[WhiteElo "1675"]
[BlackElo "1763"]
[PlyCount "38"]
[EventDate "2016.03.05"]
[EventRounds "8"]
[EventCountry "ESP"]

1. e4 e5 2. Nf3 d6 3. d4 exd4 4. Nxd4 Nf6 5. Bd3 Be7 6. O-O O-O 7. Nc3 h6 8.
Bf4 Re8 9. Nd5 Bf8 10. Re1 Nbd7 11. Nf3 Nc5 12. Nxf6+ Qxf6 13. Bc1 Bg4 14. Rb1
Rad8 15. b4 Na4 16. Bb5 Nc3 17. Bb2 Bxf3 18. Qxf3 Qxf3 19. gxf3 Nxb5 0-1

[Event "Campeonato Navarro Absoluto Individual Fase Final"]
[Site "Residencia Fuerte del Príncipe"]
[Date "2016.04.16"]
[Round "5"]
[Board "1"]
[White "Ortega Lopez, Mikel"]
[Black "Sevilla Subiza, Javier"]
[Result "1-0"]
[WhiteElo "2332"]
[BlackElo "2058"]
[PlyCount "65"]
[EventDate "2016.03.05"]
[EventRounds "8"]
[EventCountry "ESP"]

1. e4 g6 2. d4 Bg7 3. Nf3 d6 4. Bc4 Nf6 5. Qe2 O-O 6. e5 dxe5 7. dxe5 Nd5 8.
O-O Bg4 9. Nbd2 Nb6 10. Bb3 Nc6 11. e6 f6 12. h3 Nd4 13. Qe3 Nxb3 14. Qxb3 Bxf3
15. Nxf3 c5 16. Bf4 c4 17. Qa3 Qc8 18. Rfe1 Rd8 19. Qxe7 Kh8 20. Bc7 Re8 21.
Qd6 Nd5 22. Ba5 Ne7 23. Rad1 Nc6 24. Bd2 Ne5 25. Nxe5 fxe5 26. e7 Qb8 27. Qe6
Qc8 28. Qf7 Qf5 29. Qxf5 gxf5 30. Bg5 Kg8 31. Rd8 Kf7 32. Red1 Rxe7 33. Rxa8
 1-0

[Event "Campeonato Navarro Absoluto Individual Fase Final"]
[Site "Residencia Fuerte del Príncipe"]
[Date "2016.04.16"]
[Round "5"]
[Board "2"]
[White "Jimenez Almeida, Luis David"]
[Black "Cemborain Oricain, Alfonso"]
[Result "1-0"]
[WhiteElo "2179"]
[BlackElo "1951"]
[PlyCount "67"]
[EventDate "2016.03.05"]
[EventRounds "8"]
[EventCountry "ESP"]

1. d4 d5 2. c4 c6 3. Nf3 Nf6 4. e3 Bf5 5. Nc3 e6 6. Nh4 Bg6 7. Be2 Nbd7 8. O-O
Ne4 9. Nxg6 hxg6 10. cxd5 Qh4 11. h3 exd5 12. Nxe4 dxe4 13. d5 c5 14. Qa4 Bd6
15. b4 cxb4 16. Bb2 Qg5 17. Kh1 Ke7 18. Bxg7 Rh7 19. Bd4 f6 20. Qc2 Rh4 21. f4
exf3 22. Rxf3 Ne5 23. Raf1 Rah8 24. Qb2 Nxf3 25. Rxf3 Rf8 26. Qb3 Rhh8 27. Qd3
Qh6 28. Qe4+ Kd7 29. Qe6+ Kc7 30. Rf1 Rd8 31. Bxa7 b6 32. Ba6 Rhe8 33. Rc1+ Bc5
34. Qc6# 1-0

[Event "Campeonato Navarro Absoluto Individual Fase Final"]
[Site "Residencia Fuerte del Príncipe"]
[Date "2016.04.16"]
[Round "5"]
[Board "3"]
[White "Malon Insausti, Andres"]
[Black "Roldan Marques, Daniel"]
[Result "1-0"]
[WhiteElo "1566"]
[BlackElo "2168"]
[PlyCount "63"]
[EventDate "2016.03.05"]
[EventRounds "8"]
[EventCountry "ESP"]

1. e4 e5 2. Nf3 Nc6 3. Bc4 Bc5 4. c3 Nf6 5. d4 exd4 6. cxd4 Bb4+ 7. Bd2 Bxd2+
8. Nbxd2 d5 9. exd5 Nxd5 10. O-O O-O 11. Rc1 Nb6 12. Bb3 Bf5 13. Rc5 Bg6 14.
Nc4 Nb4 15. Nfe5 Na6 16. Ra5 c6 17. Nxc6 Qc7 18. N6e5 Nxc4 19. Nxc4 Nb4 20. Rc5
Qd8 21. Ne5 Qd6 22. Nxg6 hxg6 23. Qd2 Nc6 24. Rd1 Rad8 25. Rd5 Qf6 26. Rxd8
Rxd8 27. d5 Ne5 28. h3 g5 29. Qb4 Rd6 30. Qxb7 g4 31. hxg4 Qf4 32. Qb8+ 1-0

[Event "Campeonato Navarro Absoluto Individual Fase Final"]
[Site "Residencia Fuerte del Príncipe"]
[Date "2016.04.16"]
[Round "5"]
[Board "4"]
[White "Leranoz Zabalza, Adrian"]
[Black "Hernandez Barricarte, Miguel A"]
[Result "1-0"]
[WhiteElo "2066"]
[BlackElo "1898"]
[PlyCount "69"]
[EventDate "2016.03.05"]
[EventRounds "8"]
[EventCountry "ESP"]

1. e4 e6 2. d4 d5 3. Bd3 dxe4 4. Bxe4 Nf6 5. Bf3 c5 6. Ne2 cxd4 7. Qxd4 Qxd4 8.
Nxd4 a6 9. O-O Bc5 10. Nb3 Bb6 11. Nc3 Nc6 12. Na4 Bc7 13. Be3 Ne5 14. Be2 Nd5
15. Bd2 b5 16. Nc3 Bb7 17. Nc5 Bc6 18. Nxd5 Bxd5 19. Nxa6 Rxa6 20. Bxb5+ Rc6
21. b3 Kd8 22. c4 Rc5 23. Be3 Rxb5 24. cxb5 Kc8 25. Rfc1 Kb7 26. a4 Nd3 27. Rd1
Be5 28. Rab1 Be4 29. f3 Bg6 30. a5 Rc8 31. a6+ Ka8 32. b6 Rc2 33. Ra1 Bxa1 34.
Rxa1 Nc5 35. b4 1-0

[Event "Campeonato Navarro Absoluto Individual Fase Final"]
[Site "Residencia Fuerte del Príncipe"]
[Date "2016.04.16"]
[Round "5"]
[Board "5"]
[White "Argaya Urdaniz, Miguel"]
[Black "Laseca Arana, Irati"]
[Result "1/2-1/2"]
[WhiteElo "1976"]
[BlackElo "1700"]
[PlyCount "81"]
[EventDate "2016.03.05"]
[EventRounds "8"]
[EventCountry "ESP"]

1. e4 c5 2. Nf3 Nf6 3. Nc3 d5 4. exd5 Nxd5 5. Bc4 e6 6. O-O Be7 7. d4 Nxc3 8.
bxc3 O-O 9. Be3 Qc7 10. Bd3 Nd7 11. Ng5 Nf6 12. dxc5 Bxc5 13. Nxh7 Nxh7 14.
Bxh7+ Kxh7 15. Qh5+ Kg8 16. Qxc5 Qxc5 17. Bxc5 Rd8 18. Rfd1 Rd7 19. Rd3 b6 20.
Be3 e5 21. Rad1 Rc7 22. f4 Bf5 23. Rd8+ Rxd8 24. Rxd8+ Kh7 25. fxe5 Rxc3 26.
Bf4 Rxc2 27. Rd2 Rc1+ 28. Kf2 Ra1 29. Ke3 Be6 30. g3 Rxa2 31. Rxa2 Bxa2 32. Kd4
Kg6 33. e6 Bxe6 34. Bb8 a5 35. Bc7 a4 36. Bxb6 a3 37. Kc3 Kf5 38. h4 a2 39. Kb2
Kg4 40. Bc7 f6 41. Bb8 1/2-1/2

[Event "Campeonato Navarro Absoluto Individual Fase Final"]
[Site "Residencia Fuerte del Príncipe"]
[Date "2016.04.16"]
[Round "5"]
[Board "6"]
[White "Urriza Iricibar, Pablo"]
[Black "Gonzalez Pabollet, Jesus Maria S"]
[Result "1-0"]
[WhiteElo "2149"]
[BlackElo "1887"]
[PlyCount "69"]
[EventDate "2016.03.05"]
[EventRounds "8"]
[EventCountry "ESP"]

1. e4 c5 2. Nf3 e6 3. d4 cxd4 4. Nxd4 a6 5. Nc3 Qc7 6. Bd3 Nc6 7. Nxc6 bxc6 8.
O-O Bc5 9. Kh1 Nf6 10. Qe2 d5 11. Bg5 d4 12. Bxf6 gxf6 13. Nb1 Bb7 14. f4 Bd6
15. f5 e5 16. Nd2 a5 17. Nc4 Bf8 18. Rf3 Bh6 19. Rh3 Bg5 20. Rh5 Ke7 21. g3
Rag8 22. h4 Be3 23. Nxe3 dxe3 24. Qxe3 c5 25. b3 Rg7 26. Rg1 Rhg8 27. Kh2 Qb6
28. Kh3 Qd6 29. g4 Qd4 30. Qxd4 cxd4 31. Rh6 Bc8 32. Be2 Bd7 33. Kh2 Bc6 34.
Bf3 Bb5 35. g5 1-0

[Event "Campeonato Navarro Absoluto Individual Fase Final"]
[Site "Residencia Fuerte del Príncipe"]
[Date "2016.04.16"]
[Round "5"]
[Board "7"]
[White "Vinal Gutierrez, Pedro"]
[Black "Lerendegui Lasa, Odei"]
[Result "1/2-1/2"]
[WhiteElo "2049"]
[BlackElo "1908"]
[PlyCount "94"]
[EventDate "2016.03.05"]
[EventRounds "8"]
[EventCountry "ESP"]

1. e4 c5 2. Nc3 a6 3. g3 b5 4. Bg2 Bb7 5. d3 e6 6. Nh3 Be7 7. O-O Nf6 8. e5
Bxg2 9. Kxg2 Ng8 10. Qg4 g6 11. Ne4 Qc7 12. Bf4 Nc6 13. Nf6+ Bxf6 14. exf6 Qb6
15. Qf3 h6 16. Rfe1 O-O-O 17. Bd6 g5 18. g4 h5 19. Nxg5 hxg4 20. Qf4 Nd4 21.
Ne4 Nf5 22. Kg1 Qc6 23. a4 b4 24. Bxc5 d5 25. Bxb4 Ngh6 26. Ra3 d4 27. Be7 Rd5
28. c4 Ra5 29. b4 e5 30. Qc1 Nh4 31. bxa5 Nf3+ 32. Kf1 Nf5 33. Ke2 Rxh2 34. Rh1
Qxe4+ 35. dxe4 Ng3+ 36. Kd3 Rxh1 37. Ra1 Rxc1 38. Rxc1 Nh5 39. Bb4 Nf4+ 40. Kc2
d3+ 41. Kb1 Nh3 42. Rf1 Kc7 43. Kc1 Kc6 44. Kb2 Nf4 45. Rh1 Nh3 46. Rf1 Nh2 47.
Rh1 Nf3 1/2-1/2

[Event "Campeonato Navarro Absoluto Individual Fase Final"]
[Site "Residencia Fuerte del Príncipe"]
[Date "2016.04.16"]
[Round "5"]
[Board "8"]
[White "Ruiz Escobar, Rafael"]
[Black "Ortin Blanco, Inigo"]
[Result "1-0"]
[WhiteElo "1912"]
[BlackElo "2047"]
[PlyCount "73"]
[EventDate "2016.03.05"]
[EventRounds "8"]
[EventCountry "ESP"]

1. d4 d5 2. c4 e6 3. Nc3 c6 4. cxd5 exd5 5. Qc2 Bd6 6. Nf3 Ne7 7. g3 Bf5 8. Qb3
Qb6 9. h4 h5 10. Bf4 Bxf4 11. gxf4 Nd7 12. Rc1 Bg4 13. Ne5 O-O 14. e3 f6 15.
Nxd7 Bxd7 16. Be2 Bg4 17. Qc2 Bf5 18. Qd2 Bg6 19. Rg1 Kf7 20. Na4 Qc7 21. Nc5
Nf5 22. Bd3 Nxh4 23. Bxg6+ Nxg6 24. Qc2 Nh4 25. Rxg7+ Kxg7 26. Ne6+ Kh6 27.
Nxc7 Rac8 28. Ne6 Rfe8 29. f5 Ng2+ 30. Ke2 h4 31. Rh1 Rg8 32. Kf3 Kh5 33. Nf4+
Nxf4 34. Kxf4 Rg4+ 35. Kf3 Rcg8 36. Qc5 R8g7 37. Qf8 1-0

[Event "Campeonato Navarro Absoluto Individual Fase Final"]
[Site "Residencia Fuerte del Príncipe"]
[Date "2016.04.16"]
[Round "5"]
[Board "9"]
[White "Ortin Blanco, Ainhoa"]
[Black "Barberia Fernandez, Inaki"]
[Result "1/2-1/2"]
[WhiteElo "2010"]
[BlackElo "1865"]
[PlyCount "82"]
[EventDate "2016.03.05"]
[EventRounds "8"]
[EventCountry "ESP"]

1. d4 Nf6 2. c4 e6 3. Nf3 b6 4. a3 Bb7 5. Nc3 Be7 6. Qc2 d5 7. Bg5 c5 8. Rd1
cxd4 9. Nxd4 Nbd7 10. cxd5 Nxd5 11. Nxd5 Bxd5 12. Bxe7 Qxe7 13. e4 Bb7 14. Nb5
O-O 15. Qc7 Bxe4 16. Qxd7 Qg5 17. Qd2 Qf6 18. Nc3 Bb7 19. f3 Rfd8 20. Qe3 Rxd1+
21. Nxd1 Rc8 22. Bd3 Qh4+ 23. Nf2 Qf6 24. Qe2 Rc1+ 25. Nd1 Qh4+ 26. Kd2 Qf4+
27. Qe3 Qc7 28. Nf2 Rc5 29. Ne4 Rd5 30. Ke2 f5 31. Rc1 Qb8 32. Nf6+ gxf6 33.
Qxe6+ Kg7 34. f4 Qd8 35. Qe3 Qd6 36. Bc4 Rd4 37. Qg3+ Kh6 38. Qh3+ Kg7 39. Qg3+
Kh6 40. Qh3+ Kg7 41. Qg3+ Kh6 1/2-1/2

[Event "Campeonato Navarro Absoluto Individual Fase Final"]
[Site "Residencia Fuerte del Príncipe"]
[Date "2016.04.16"]
[Round "5"]
[Board "10"]
[White "Anguas Fanlo, Sergio"]
[Black "Alfonso Abrego, Santiago"]
[Result "0-1"]
[WhiteElo "2027"]
[BlackElo "1797"]
[PlyCount "92"]
[EventDate "2016.03.05"]
[EventRounds "8"]
[EventCountry "ESP"]

1. d4 e6 2. Nf3 Nf6 3. Bg5 d5 4. Nbd2 Be7 5. Ne5 Nbd7 6. Ndf3 Ne4 7. Bxe7 Qxe7
8. c3 O-O 9. e3 f6 10. Nxd7 Bxd7 11. Qb3 b6 12. c4 c6 13. Bd3 f5 14. Ne5 Be8
15. O-O Nd2 16. Qc2 Nxf1 17. Rxf1 Rf6 18. f4 Rh6 19. a3 g5 20. Rf3 g4 21. Rf1
Qh4 22. g3 Qd8 23. b4 Rc8 24. c5 b5 25. a4 a6 26. a5 Rf6 27. Qg2 Rh6 28. Bb1
Rh3 29. Nd3 Rc7 30. Qc2 Qf6 31. Rf2 Rg7 32. Rg2 h5 33. Ne5 h4 34. Qe2 hxg3 35.
Rxg3 Qh4 36. Qg2 Rh7 37. Nxg4 Rxg3 38. Qxg3 Qxg3+ 39. hxg3 fxg4 40. Bxh7+ Kxh7
41. e4 Bg6 42. f5 exf5 43. exd5 cxd5 44. c6 Be8 45. c7 Bd7 46. Kf2 Kg6 0-1

[Event "Campeonato Navarro Absoluto Individual Fase Final"]
[Site "Residencia Fuerte del Príncipe"]
[Date "2016.04.16"]
[Round "5"]
[Board "11"]
[White "Roviralta Montero, Axel"]
[Black "Huarte Zozaya, Aitor"]
[Result "1-0"]
[WhiteElo "1952"]
[BlackElo "1692"]
[PlyCount "167"]
[EventDate "2016.03.05"]
[EventRounds "8"]
[EventCountry "ESP"]

1. e4 c5 2. Nf3 e6 3. d4 cxd4 4. Nxd4 Nc6 5. Nc3 Qc7 6. Be3 a6 7. Qd2 Nf6 8. f3
Bb4 9. a3 Be7 10. g4 O-O 11. Be2 b5 12. g5 Ne8 13. f4 b4 14. Na4 bxa3 15. bxa3
Nd6 16. e5 Ne4 17. Qd3 Qa5+ 18. Kf1 Qxa4 19. Qxe4 Bb7 20. Bd3 g6 21. Nxc6 Bxc6
22. Qxa4 Bxa4 23. Rg1 Rfb8 24. Ke2 d6 25. Bd4 Bb5 26. c4 Bc6 27. Ke3 Rb3 28.
exd6 Bxd6 29. c5 Bxf4+ 30. Kxf4 Rxd3 31. Bf6 Rh3 32. Ra2 Bd5 33. Rb2 Rxa3 34.
Rgb1 Re8 35. Rb8 Bc6 36. Rxe8+ Bxe8 37. Be7 e5+ 38. Ke4 f5+ 39. gxf6 Kf7 40.
Kxe5 Rc3 41. Rb7 Re3+ 42. Kd6 Rd3+ 43. Kc7 a5 44. c6 Rc3 45. Rb6 g5 46. Kb7 h5
47. c7 Bd7 48. Rd6 Bf5 49. Rd8 h4 50. Rf8+ Kg6 51. Rg8+ Kf7 52. Rxg5 Be4+ 53.
Kb8 Rb3+ 54. Kc8 Bb7+ 55. Kd7 Rd3+ 56. Bd6 Kxf6 57. Rb5 Bg2 58. Rb6 Bh3+ 59.
Kd8 Kf7 60. c8=Q Bxc8 61. Kxc8 a4 62. Ra6 Rd4 63. Kc7 Re4 64. Rb6 Kg6 65. Rb4
Re2 66. Rxh4 Ra2 67. Kc6 a3 68. Ra4 Rc2+ 69. Kb5 a2 70. Kb4 Rd2 71. Be5 Re2 72.
Ra6+ Kf5 73. Bg3 Kg4 74. Kb3 Re3+ 75. Kxa2 Rc3 76. Kb2 Rc8 77. Ra3 Rh8 78. Kc2
Rh7 79. Kd2 Rh8 80. Ke3 Rf8 81. Ra4+ Kg5 82. h4+ Kh6 83. Ra6+ Kh5 84. Ra5+ 1-0

[Event "Campeonato Navarro Absoluto Individual Fase Final"]
[Site "Residencia Fuerte del Príncipe"]
[Date "2016.04.16"]
[Round "5"]
[Board "12"]
[White "Sola Plaza, Gregorio"]
[Black "Sola Garate, Roberto"]
[Result "1-0"]
[WhiteElo "1945"]
[BlackElo "1595"]
[PlyCount "71"]
[EventDate "2016.03.05"]
[EventRounds "8"]
[EventCountry "ESP"]

1. Nf3 Nf6 2. c4 e6 3. Nc3 d5 4. e3 Be7 5. b3 b6 6. Bb2 Bb7 7. cxd5 exd5 8. d4
a6 9. Bd3 O-O 10. O-O Nbd7 11. Rc1 Bd6 12. Re1 Re8 13. Ne2 Bb4 14. Bc3 Bd6 15.
Ng3 Ne4 16. Bb2 g6 17. Qc2 Rc8 18. Red1 Nxg3 19. hxg3 Qe7 20. Qd2 Qd8 21. b4
Qe7 22. a3 b5 23. Bb1 Ba8 24. Qd3 Bb7 25. Re1 Ba8 26. Re2 Bb7 27. Nd2 Ba8 28.
Nb3 Bb7 29. Nc5 Rb8 30. Rce1 Nf6 31. Qc2 Bc8 32. e4 dxe4 33. Nxe4 Be6 34. Nxf6+
Qxf6 35. d5 Bf5 36. Rxe8+ 1-0

[Event "Campeonato Navarro Absoluto Individual Fase Final"]
[Site "Residencia Fuerte del Príncipe"]
[Date "2016.04.16"]
[Round "5"]
[Board "13"]
[White "Zaratiegui Cardesa, Jose"]
[Black "Aguinaga Ruiz, Jesus Luis"]
[Result "0-1"]
[WhiteElo "1740"]
[BlackElo "1944"]
[PlyCount "118"]
[EventDate "2016.03.05"]
[EventRounds "8"]
[EventCountry "ESP"]

1. d4 d6 2. c4 e5 3. dxe5 dxe5 4. Qxd8+ Kxd8 5. g3 Be6 6. b3 f6 7. Bg2 c6 8.
Nf3 Nd7 9. O-O g5 10. Ba3 Bxa3 11. Nxa3 Ne7 12. Rad1 Kc7 13. Nc2 h5 14. h4 gxh4
15. Nxh4 Rag8 16. Ne3 f5 17. Bh3 Rf8 18. b4 Rhg8 19. Kh2 Rf6 20. Rd2 Nf8 21.
Rfd1 Nfg6 22. Neg2 Rg7 23. c5 Nd5 24. a3 Nc3 25. Rf1 Ne4 26. Rd3 Ng5 27. Nxg6
Rfxg6 28. f4 Nxh3 29. Kxh3 Bc4 30. Re3 e4 31. Nh4 Rf6 32. Rd1 Rg4 33. Nxf5 Rxf5
34. Rxe4 Rd5 35. Rf1 Bb5 36. Re7+ Rd7 37. Rxd7+ Kxd7 38. Rd1+ Ke7 39. e4 Rg8
40. e5 Rd8 41. Rd6 Be2 42. Kh4 Bg4 43. Kg5 Rg8+ 44. Kh4 Be6 45. Rd3 Bf5 46. Rd6
Rg4+ 47. Kxh5 Rxg3 48. a4 Bc2 49. a5 a6 50. Rd2 Be4 51. Kh4 Rg7 52. Rd4 Bf5 53.
Kh5 Bd7 54. Kh6 Rg4 55. Kh5 Bf5 56. Rd6 Rxf4 57. Kg5 Rf1 58. Rf6 Bd3 59. Rh6
Rf5+ 0-1

[Event "Campeonato Navarro Absoluto Individual Fase Final"]
[Site "Residencia Fuerte del Príncipe"]
[Date "2016.04.16"]
[Round "5"]
[Board "14"]
[White "Alfaro Pinero, Asier"]
[Black "Lizuain Toni, Javier"]
[Result "1-0"]
[WhiteElo "1708"]
[BlackElo "1840"]
[PlyCount "111"]
[EventDate "2016.03.05"]
[EventRounds "8"]
[EventCountry "ESP"]

1. d4 f5 2. c4 Nf6 3. Nc3 g6 4. h4 d6 5. h5 Bg7 6. hxg6 hxg6 7. Rxh8+ Bxh8 8.
Bg5 c6 9. e3 Nh7 10. Bh4 Bf6 11. Bxf6 Nxf6 12. Nh3 e5 13. dxe5 dxe5 14. Qxd8+
Kxd8 15. O-O-O+ Ke7 16. f4 e4 17. Be2 Na6 18. Ng5 Bd7 19. Rh1 Nc5 20. Kc2 Ne6
21. Rh6 Rg8 22. g4 Rg7 23. Nxe6 Bxe6 24. g5 Nd7 25. b4 Nb6 26. Kb3 Rg8 27. a4
Bf7 28. a5 Nd7 29. Na4 b6 30. axb6 axb6 31. Rh7 Rb8 32. Kc3 Ra8 33. Bd1 Kf8 34.
Rh8+ Bg8 35. Bb3 Kg7 36. Rh1 b5 37. cxb5 cxb5 38. Nc5 Nb6 39. Rd1 Ra3 40. Kb2
Ra7 41. Ne6+ Bxe6 42. Bxe6 Rc7 43. Kb3 Rc6 44. Bd7 Rc7 45. Bxb5 Kf7 46. Rd6 Rb7
47. Bc4+ Nxc4 48. Kxc4 Rc7+ 49. Kb3 Rc1 50. b5 Re1 51. b6 Rxe3+ 52. Kc2 Rh3 53.
Rd8 e3 54. b7 Rh2+ 55. Kd1 Rh1+ 56. Ke2 1-0

[Event "Campeonato Navarro Absoluto Individual Fase Final"]
[Site "Residencia Fuerte del Príncipe"]
[Date "2016.04.16"]
[Round "5"]
[Board "15"]
[White "Arrese-Igor Royuela, Alex"]
[Black "Cinza Lopez, Javier"]
[Result "0-1"]
[WhiteElo "1638"]
[BlackElo "1980"]
[PlyCount "132"]
[EventDate "2016.03.05"]
[EventRounds "8"]
[EventCountry "ESP"]

1. d4 g6 2. Nf3 Bg7 3. e4 d6 4. Bc4 Nf6 5. Qe2 Bg4 6. c3 Bxf3 7. Qxf3 Nbd7 8.
Bd3 O-O 9. O-O c6 10. Qe2 e5 11. f4 exd4 12. cxd4 Qb6 13. Be3 d5 14. e5 Ne4 15.
Bxe4 dxe4 16. Nc3 f5 17. d5 Qa5 18. d6 Kh8 19. a3 Qd8 20. e6 Rf6 21. exd7 Rxd6
22. Rad1 Qxd7 23. Rxd6 Qxd6 24. Rd1 Qc7 25. Qd2 Rg8 26. Qd7 Qb8 27. Rd2 c5 28.
g3 b6 29. Nb5 a6 30. Nc7 Qb7 31. Ne6 Qxd7 32. Rxd7 Bxb2 33. a4 Rb8 34. Ra7 a5
35. Rd7 Kg8 36. Nc7 Rb7 37. Rd8+ Kf7 38. Nb5 Ke6 39. Rd6+ Ke7 40. Rd2 Bc1 41.
Re2 Bxe3+ 42. Rxe3 Rd7 43. Kf2 Rd1 44. Rb3 Rh1 45. h4 Kd7 46. Na7 Kc7 47. Nb5+
Kb7 48. Nc3 Kc6 49. Nb5 Ra1 50. Nc3 c4 51. Rb2 Ra3 52. Rc2 Kc5 53. Ke3 Kb4 54.
Kd4 Kb3 55. Rc1 Kb2 56. Rb1+ Kc2 57. Rxb6 Rxc3 58. Rb5 Rxg3 59. Kxc4 e3 60.
Rxa5 e2 61. Re5 Kd1 62. Rd5+ Ke1 63. a5 Kf1 64. Re5 e1=Q 65. Rxe1+ Kxe1 66. a6
Ra3 0-1